Análisis exploratorio de los cuidados al parto en Nicaragua desde el marco de los derechos sexuales y reproductivos /
Se realiza un análisis detallado de los cuidados proporcionados durante el proceso de parto en Nicaragua, considerando el marco de los derechos sexuales y reproductivos. El artículo examina las políticas y prácticas relacionadas con el parto, destacando la importancia de garantizar el acceso a servi...
Gorde:
| Egile nagusia: | |
|---|---|
| Formatua: | Liburua |
| Hizkuntza: | Spanish |
| Gaiak: | |
| Etiketak: |
Etiketa erantsi
Etiketarik gabe, Izan zaitez lehena erregistro honi etiketa jartzen!
|
MARC
| LEADER | 00000nam a22000007a 4500 | ||
|---|---|---|---|
| 003 | cru IIS | ||
| 005 | 20230516193750.0 | ||
| 007 | ta | ||
| 008 | 220809t2018 cr |||p|r|||| 00| 0 spa d | ||
| 040 | |c cru IIS | ||
| 100 | 1 | |9 10680 |a Rodrigues Ribeiro, María Augusta |e Autora | |
| 245 | 1 | |a Análisis exploratorio de los cuidados al parto en Nicaragua desde el marco de los derechos sexuales y reproductivos / |c María Augusta Rodrigues Ribeiro | |
| 300 | |a páginas 399-427 : |b tablas, gráficos | ||
| 500 | |a Colección Centroamérica | ||
| 520 | |a Se realiza un análisis detallado de los cuidados proporcionados durante el proceso de parto en Nicaragua, considerando el marco de los derechos sexuales y reproductivos. El artículo examina las políticas y prácticas relacionadas con el parto, destacando la importancia de garantizar el acceso a servicios de calidad y respeto a los derechos de las mujeres en esta etapa crucial. RAR 31/01/23 | ||
| 650 | 0 | |2 OCDE |9 7518 |a DERECHOS SEXUALES | |
| 650 | 0 | |2 OCDE |9 405 |a POLITICA DE SALUD | |
| 650 | 0 | |2 OCDE |9 4608 |a SALUD DE LAS MUJERES | |
| 650 | 0 | |2 UNESCO |9 405 |a POLITICA DE SALUD | |
| 773 | 0 | |0 18765 |9 7627 |a Universidad de Costa Rica. |d San José, Costa Rica: Editorial Universidad de Costa Rica, 1974- |o 23636 |t Anuario de Estudios Centroamericanos / |x 03777316 | |
| 942 | |2 ddc |c PP | ||
| 999 | |c 44488 |d 44488 | ||
